000
00294nam a22001337a 4500
008
180124b xxu||||| |||| 00| 0 eng d
020
_a
9780618301959
041
_a
eng
080
_a
94
100
_a
16
101
_a
HIS
245
_a
A history of world societies
_c
Kay,J.P
942
_2
udc
_c
BK
999
_c
40848
_d
40848